000 00413nam a22001697a 4500
005 20160525145532.0
008 160525b xxu||||| |||| 00| 0 eng d
020 _a978-81-261-4184-5
041 _aeng
082 _b4932
100 _aBhalla, V.K.
_91173
245 _aFinancial Management and Policy
260 _aNew Delhi
_bAcademic Faundation
300 _a1136
650 _aManagement
_9241
942 _cBK
999 _c1728
_d1727